Loading...

Casarett and Doulls toxicology

Bibliographic Details
Main Author: Klaassen, Curtis D
Published: Tata McGrawHill 2007
LEADER 00212 a2200097 4500
020
260 |b Tata McGrawHill  |c 2007 
942 |c BK  |6 _ 
245 |a Casarett and Doulls toxicology 
100 |a Klaassen, Curtis D 
999 |c 56993  |d 56993